Caribbean Countries - Statistics

General Stats
  • This quiz has been taken 1,165 times
  • The average score is 12 of 13
Answer Stats
Country % Correct
Dominica
97%
Cuba
96%
Haiti
96%
Jamaica
95%
Bahamas
93%
Barbados
93%
Dominican Republic
93%
St Lucia
92%
Trinidad and Tobago
92%
Antigua and Barbuda
91%
St Kitts and Nevis
91%
St Vincent and the Grendines
89%
Grenada
88%
No matching quizzes found
Score Distribution
Percent of People with Each Score
Percentile by Number Answered
Your Score History
You have not taken this quiz